Industrial laws : (Record no. 138577)

MARC details
000 -LEADER
fixed length control field 00663nam a22002057a 4500
005 - DATE AND TIME OF LATEST TRANSACTION
control field 20170330171431.0
010 ## - LCCN (DPL NO)
LC control number ENG-117662
020 ## - INTERNATIONAL STANDARD BOOK NUMBER
International Standard Book Number 9788184845693
Terms of availability 650.00
035 ## - SYSTEM CONTROL NUMBER
System control number EN-101194
037 ## - SOURCE OF ACQUISITION
Source of stock number/acquisition DABD/PUB
082 ## - DEWEY DECIMAL CLASSIFICATION NUMBER
Classification number 343.07
100 ## - MAIN ENTRY--PERSONAL NAME
Personal name Verma,Rajnikant
245 ## - TITLE STATEMENT
Title Industrial laws :
Statement of responsibility, etc by Rajnikant Verma [and] Nupur Saboo
Remainder of title based on paper DC 1-14 Industrial laws,University of Delhi,Delhi /
260 ## - PUBLICATION, DISTRIBUTION, ETC. (IMPRINT)
Place of publication, distribution, etc New Delhi
Name of publisher, distributor, etc Regal Publication
Date of publication, distribution, etc 2016
270 ## - ADDRESS
Address F-159, Rajouri Garden,
City New Delhi
Postal code 110027
300 ## - PHYSICAL DESCRIPTION
Extent ix,139p.
Dimensions 22cm(Hb)
500 ## - GENERAL NOTE
General note includes Index
700 ## - ADDED ENTRY--PERSONAL NAME
Personal name Saboo,Nupur
942 ## - ADDED ENTRY ELEMENTS (KOHA)
Source of classification or shelving scheme Dewey Decimal Classification
Item type English Books
Classification part 343.07
Call number suffix VER
Holdings
Withdrawn status Lost status Not for loan Collection code Home library Current library Date acquired Source of acquisition Cost, normal purchase price Full call number Barcode Copy number Cost, replacement price Koha item type
      Non-fiction Central Jail Tihar Central Jail Tihar 30/03/2017 DBAD/PUB 650.00 343.07 VER EN-101194 1 650.00 English Books

© Delhi Public Library
Hit Counter
free hit counter